000 00246nam a22000857a 4500
008 160704b xxu||||| |||| 00| 0 eng d
100 _92075
_a Davidar, E.R.C
245 _aAdventures of a Wildlife Warden
260 _aNew Delhi
_bNational Book Trust
_c1982
999 _c1772
_d1772